Federal Countries Sudden Death - Statistics

General Stats
  • This quiz has been taken 2 times
  • The average score is 2 of 20
Answers on the Grid
Answers color-coded by a green-red scale on the quiz's grid according to % correct below.
Argentina
Australia
Austria
Bangladesh
Belgium
Bosnia and Herzegovina
Brazil
Canada
Chile
China
D. R. Congo
Egypt
Ethiopia
France
Germany
India
Indonesia
Iran
Italy
Japan
Malaysia
Mexico
Myanmar
New Zealand
Nigeria
Pakistan
Peru
Philippines
Russia
Saudi Arabia
South Africa
Spain
Sudan
Switzerland
Turkey
Ukraine
United Arab Emirates
United Kingdom
United States
Venezuela
 
Answer Stats
Answer % Correct
Australia
100%
Belgium
50%
Canada
50%
Argentina
0%
Austria
0%
Bosnia and Herzegovina
0%
Brazil
0%
Ethiopia
0%
Germany
0%
India
0%
Malaysia
0%
Mexico
0%
Nigeria
0%
Pakistan
0%
Russia
0%
Sudan
0%
Switzerland
0%
United Arab Emirates
0%
United States
0%
Venezuela
0%
No matching quizzes found
Score Distribution
Percent of People with Each Score
Percentile by Number Answered
Your Score History
You have not taken this quiz